Virginia Cities Quiz Stats

 Plays Quiz Updated Apr 10, 2018

Score 0/20 Timer 06:00
3 Plays Today
Rank City % Correct
4Richmond
96.8%
1Virginia Beach
85.9%
2Norfolk
78.4%
6Alexandria
71%
8Roanoke
61.2%
5Newport News
60.2%
17Manassas
52.7%
7Hampton
47.9%
3Chesapeake
47.1%
11Lynchburg
39.2%
Rank City % Correct
20Winchester
31.6%
16Danville
28.7%
10Suffolk
28.4%
13Leesburg
26.9%
9Portsmouth
24.9%
15Blacksburg
23.8%
19Fredericksburg
20.2%
14Charlottesville
15.4%
12Harrisonburg
11.8%
18Petersburg
7.9%

You're not logged in!

Compare scores with friends on all Sporcle quizzes.
OR
Log In

Sporcle TV

Today on Sporcle TV


Watch our educational content, quiz creation guides, and fun videos on Sporcle TV.

Show Comments

Extras

Top Quizzes Today


Score Distribution

Your Account Isn't Verified!

In order to create a playlist on Sporcle, you need to verify the email address you used during registration. Go to your Sporcle Settings to finish the process.

Report this User

Report this user for behavior that violates our Community Guidelines.

Details: